000 01216nam0a2200277 4500
001 RU\NLR\BIBL_A\012419741
005 20260406131736.0
035 _a(NLR Aleph) 012419741
090 _a13302445
_c13302445
100 _a20201211d1960 |||y0rusy50 ca
101 0 _akir
102 _aKG
105 _ay z 000yy
181 0 _ai
_baxxe
182 0 _an
200 1 _aТүзүүчүлүк эмгек менен тынчтыктын ишин чыңдайлы, капитализм менен экономикалык мелдеште жеңишти камсыз кылалы!
_fН. С. Хрущёв
203 _aТекст
_bвизуальный
_cнепосредственный
210 _aФрунзе
_cКыргызмамбас
_d1960
215 _a60,[3] c.
_d20
541 1 _aСозидательным трудом крепить дело мира, обеспечить победу в экономическом соревновани с капитализмом!
_zrus
686 1 _aФ61(2)1
700 1 _4070
_7ca
_8rus
_aХрущев
_bН. С.
_f1894-1971
_gНикита Сергеевич
_9111620
_3RU\NLR\AUTH\771599
852 _aNLR
_bОНЛ
_jКирг./2-3059
942 _cBOOK
980 _aNB